| 000 | 00970nam a2200217Ia 4500 | ||
|---|---|---|---|
| 001 | 16618 | ||
| 003 | GE_BSU | ||
| 008 | 181216s||||||||xx |||||||||||||| ||und|| | ||
| 040 | _cGE_BSU | ||
| 080 | _a821.353.1 | ||
| 100 | _aორბელიანი, გრიგოლ (1804-1883) | ||
| 245 | _aთხზულებათა სრული კრებული, 1804-1883 | ||
| 245 | _cგაწერელიას და ჯ. ჭუმბურიძის შესავ. წერილებით, რედ. და შენიშვნებით. რედ. სერგი ჭილაია. მხ. ი. ჯანაშვილი | ||
| 260 | _aთბილისი | ||
| 260 | _bსაბჭ. მწერალი | ||
| 260 | _c1959 | ||
| 300 | _a600გვ. ; 21სმ | ||
| 300 | _eშენიშვნ.ბიბლიოგრ.გვ.573 | ||
| 653 | _aთხზულებათა სრული კრებული | ||
| 942 | _cBK | ||
| 999 |
_c49685 _d49685 |
||